=LDR 00000nam 2200000 4500 =001 INLIS000000000041763 =005 20130612151257 =008 ***********************************Ind** =035 ##$$0010-061300000041763 =041 ##$$a Ind =082 ##$$a 346.07 =090 ##$$a 346.07, Asi h.1 =100 ##$$a Asikin, Zainal, SH.,SU =245 ##$$a Hukum Kepailitan dan Penundaan Pembayaran di Indonesia, Zainal Asikin, SH., SU =260 ##$$a 1991 $b Jakarta =300 ##$$a 106 hlm, m =850 ##$$a NBPNMAT =990 ##$$a 76217621 =990 ##$$a 01201807621 =990 ##$$a 00087166